| 000 | 00336cam a22001097a 4500 | ||
|---|---|---|---|
| 008 | 180718b1989 xxu||||| |||| 00| 0 eng d | ||
| 082 | _aA75 Ut8J | ||
| 245 |
_aUttar Pradesh district gazetteers: Jalaun _cedited by Balwant Singh |
||
| 260 |
_aLucknow _bDepartment of District Gazetteers _c1989 |
||
| 300 | _a331+p. | ||
| 700 | _aSingh, Balwant | ||
| 999 |
_c486980 _d486980 |
||